| 000 | 00589nam a22001817a 4500 | ||
|---|---|---|---|
| 999 |
_c187315 _d187315 |
||
| 005 | 20220412124118.0 | ||
| 010 | _aENG-132283 | ||
| 020 |
_a9789383848225 _c595.00 |
||
| 035 | _aEN-115815 | ||
| 037 | _bDBAD/PUB | ||
| 082 | _a801 | ||
| 245 |
_aA Critical Reader For Literary Theory/ _cEdited by Anjana Neira Dev |
||
| 260 |
_aNew Delhi _bPinnacle Learning _c2017 |
||
| 270 |
_bNew Delhi _a24, DDA Shopping Complex Ber Sarai _e110016 _mpinnaclebooks1@gmail.com |
||
| 300 |
_aix, 496p. _c23cm(pbk) |
||
| 700 | _aEdited by Dev, Anjana Neira | ||
| 942 |
_2ddc _cEN _mCRI _h801 |
||